[Event "COL-ch rapid"]
[Site "Quibdo"]
[Date "2015.11.09"]
[Round "6"]
[White "Becerra, Juan David"]
[Black "Hinestroza Moreno, Cristian"]
[Result "1-0"]
[WhiteElo "2413"]
[BlackElo "1939"]
[PlyCount "113"]
[EventDate "2015.11.09"]
[EventType "swiss (rapid)"]
[EventRounds "9"]
[EventCountry "COL"]
[SourceTitle "CBM 169 Extra"]
[Source "ChessBase"]
[SourceDate "2015.12.18"]
[SourceVersion "1"]
[SourceVersionDate "2015.12.18"]
[SourceQuality "1"]

1. e4 e6 2. d3 d5 3. Nd2 Nf6 4. Qe2 Be7 5. g3 c5 6. Bg2 Nc6 7. Ngf3 a6 8. e5 Nd7 9. 0-0 b5 10. c4 Nb6 11. cxd5 exd5 12. Re1 0-0 13. Nf1 Be6 14. h4 h6 15. Bf4 Qd7 16. Qd2 Kh7 17. d4 c4 18. Ne3 Bb4 19. Qc2+ Kh8 20. Red1 Be7 21. a3 Na5 22. h5 Nb3 23. Rab1 Rfc8 24. Nh2 a5 25. Bf3 a4 26. Nhg4 Ra7 27. Kg2 Rac7 28. Qc3 b4 29. axb4 Qb5 30. Nc2 Bf5 31. Nge3 Be6 32. Bg4 Rb8 33. Nf5 Bf8 34. Nd6 Qd7 35. Bxe6 fxe6 36. Qf3 Nc8 37. Bxh6 Nxd6 38. exd6 Bxd6 39. Bg5 Qf7 40. Qxf7 Rxf7 41. Re1 Re8 42. Re2 e5 43. Bf4 Rxf4 44. gxf4 e4 45. f3 exf3+ 46. Kxf3 Rf8 47. Kg2 Rxf4 48. Rf1 Rg4+ 49. Kh3 Rg3+ 50. Kh4 Rd3 51. Re6 Nxd4 52. Rxd6 Nxc2 53. Rd8+ Kh7 54. Rff8 g5+ 55. Kxg5 Kg7 56. h6+ Kh7 57. Rf7# 1-0

[Event "COL-ch rapid"]
[Site "Quibdo"]
[Date "2015.11.09"]
[Round "1"]
[White "Hinestroza Moreno, Cristian"]
[Black "Martinez Romero, Martin"]
[Result "0-1"]
[WhiteElo "1939"]
[BlackElo "2318"]
[PlyCount "112"]
[EventDate "2015.11.09"]
[EventType "swiss (rapid)"]
[EventRounds "9"]
[EventCountry "COL"]
[SourceTitle "CBM 169 Extra"]
[Source "ChessBase"]
[SourceDate "2015.12.18"]
[SourceVersion "1"]
[SourceVersionDate "2015.12.18"]
[SourceQuality "1"]

1. e4 c5 2. Nf3 d6 3. d4 cxd4 4. Nxd4 Nf6 5. Bd3 g6 6. Be3 Bg7 7. 0-0 0-0 8. f3 Nc6 9. Nxc6 bxc6 10. c4 Nd7 11. Nc3 Rb8 12. Qc2 Nc5 13. Be2 Qa5 14. Rab1 Be6 15. Rfc1 Rb7 16. b3 Rfb8 17. Nd1 Qa3 18. Nf2 a5 19. Bd2 Bd4 20. Kf1 Na6 21. Nd3 Nb4 22. Nxb4 axb4 23. Qd3 Qa7 24. Be1 c5 25. Rc2 Rb6 26. Bf2 Bxf2 27. Kxf2 Ra6 28. Rbb2 Ra8 29. Qd2 Qb8 30. Kg1 Qf8 31. Bd3 Qg7 32. Qf2 g5 33. Qe3 Kf8 34. h3 h5 35. Be2 Qe5 36. Rd2 f6 37. Bd3 Ke8 38. Rf2 Kd7 39. f4 gxf4 40. Qxf4 Qxf4 41. Rxf4 Rxa2 42. Rff2 Rxb2 43. Rxb2 h4 44. Be2 f5 45. Bf3 Ra1+ 46. Kf2 Ke8 47. Ke3 Kf7 48. Kf4 Kf6 49. Re2 Ra3 50. Re3 Bxc4 51. e5+ dxe5+ 52. Rxe5 Be6 53. Rxc5 Rxb3 54. Rb5 Bd7 55. Rb6+ e6 56. Rb7 e5# 0-1

[Event "COL-ch blitz"]
[Site "Quibdo"]
[Date "2015.11.08"]
[Round "3"]
[White "Hinestroza Moreno, Cristian"]
[Black "Otalora Pacheco, Carlos Eduardo"]
[Result "0-1"]
[WhiteElo "2008"]
[BlackElo "2165"]
[PlyCount "107"]
[EventDate "2015.11.08"]
[EventType "swiss (blitz)"]
[EventRounds "18"]
[EventCountry "COL"]
[SourceTitle "CBM 169 Extra"]
[Source "ChessBase"]
[SourceDate "2015.12.18"]
[SourceVersion "1"]
[SourceVersionDate "2015.12.18"]
[SourceQuality "1"]

1. e4 e5 2. Nf3 Nc6 3. Bc4 Bc5 4. 0-0 Nf6 5. c3 Nxe4 6. d4 d5 7. Bb5 exd4 8. cxd4 Be7 9. Ne5 Bd7 10. Nxd7 Qxd7 11. Nc3 Nxc3 12. bxc3 0-0 13. Qh5 a6 14. Bd3 g6 15. Qh6 Bf6 16. Bf4 Rfe8 17. Rfe1 Rxe1+ 18. Rxe1 Re8 19. Rb1 b5 20. Be3 Na5 21. Bg5 Bg7 22. Qh4 Nc4 23. h3 c6 24. Qg3 Nd6 25. f3 a5 26. Re1 b4 27. Rxe8+ Nxe8 28. Bd2 c5 29. dxc5 bxc3 30. Bc1 Qc8 31. Ba3 Bf8 32. Qf2 Ng7 33. Qd4 Ne6 34. Qxc3 Bxc5+ 35. Kh1 Qc7 36. Bc1 Bd6 37. Qb2 Be5 38. Qb1 Qc3 39. Bh6 Qa1 40. Kg1 Qxb1+ 41. Bxb1 Bf4 42. Bxf4 Nxf4 43. Kf2 Kf8 44. h4 Ke7 45. g3 Ne6 46. Ke3 Kd6 47. h5 Kc5 48. hxg6 hxg6 49. f4 d4+ 50. Kd2 Nc7 51. g4 f6 52. Bxg6 Nd5 53. Be4 Nxf4 54. Bf3 0-1

[Event "COL-ch blitz"]
[Site "Quibdo"]
[Date "2015.11.08"]
[Round "4"]
[White "Otalora Pacheco, Carlos Eduardo"]
[Black "Hinestroza Moreno, Cristian"]
[Result "1-0"]
[WhiteElo "2165"]
[BlackElo "2008"]
[PlyCount "123"]
[EventDate "2015.11.08"]
[EventType "swiss (blitz)"]
[EventRounds "18"]
[EventCountry "COL"]
[SourceTitle "CBM 169 Extra"]
[Source "ChessBase"]
[SourceDate "2015.12.18"]
[SourceVersion "1"]
[SourceVersionDate "2015.12.18"]
[SourceQuality "1"]

1. d4 e6 2. Nf3 Nf6 3. g3 d5 4. Bg2 Be7 5. 0-0 0-0 6. Nbd2 c5 7. c4 cxd4 8. Nxd4 Nc6 9. e3 e5 10. Nxc6 bxc6 11. b3 Ba6 12. Qc2 Rc8 13. Bb2 Bd6 14. Rfd1 Qe7 15. Rac1 Ba3 16. Bxa3 Qxa3 17. Nb1 Qe7 18. Bh3 Rcd8 19. cxd5 cxd5 20. Qc7 Qxc7 21. Rxc7 d4 22. exd4 exd4 23. Rxa7 Be2 24. Re1 Rfe8 25. Nd2 d3 26. Bf1 Ne4 27. Nc4 Bxf1 28. Kxf1 h5 29. a4 h4 30. gxh4 d2 31. Rd1 Rd4 32. Rc7 Red8 33. a5 Nc3 34. Rxd2 Rxd2 35. Nxd2 Rxd2 36. Rxc3 Ra2 37. b4 Rb2 38. Rc7 Rxb4 39. a6 Kh7 40. h5 f6 41. a7 Ra4 42. Kg2 Kh6 43. Kg3 f5 44. h3 g6 45. hxg6 Kxg6 46. Rb7 Kg5 47. Rg7+ Kf6 48. Rh7 Kg6 49. Rb7 Kg5 50. Rd7 f4+ 51. Kf3 Ra3+ 52. Kg2 Kf6 53. Rb7 Ke6 54. h4 Kf6 55. f3 Kg6 56. Kh3 Rxf3+ 57. Kg4 Ra3 58. Kxf4 Kh5 59. Rh7+ Kg6 60. Rb7 Kh5 61. Ke5 Kxh4 62. Kd6 1-0

[Event "COL-ch Amateur"]
[Site "Villavicencio"]
[Date "2015.02.21"]
[Round "7"]
[White "Celi, Juan Carlos"]
[Black "Hinestroza Moreno, Cristian"]
[Result "1-0"]
[WhiteElo "1962"]
[BlackElo "1721"]
[PlyCount "40"]
[EventDate "2015.02.18"]
[EventType "swiss"]
[EventRounds "9"]
[EventCountry "COL"]
[SourceTitle "CBM 165 Extra"]
[Source "ChessBase"]
[SourceDate "2015.04.21"]
[SourceVersion "1"]
[SourceVersionDate "2015.04.21"]
[SourceQuality "1"]

1. e4 e5 2. Nf3 Nf6 3. Nxe5 d6 4. Nf3 Nxe4 5. Nc3 Nf6 6. d4 Bg4 7. h3 Bh5 8. Be3 Be7 9. Bd3 c6 10. g4 Bg6 11. Qd2 Nbd7 12. 0-0-0 Qa5 13. Rhe1 0-0-0 14. Bf4 Rhe8 15. Bxg6 hxg6 16. Ng5 Nd5 17. Nxf7 N7f6 18. Nxd8 Nxc3 19. Qxc3 Qxc3 20. bxc3 Kxd8 1-0

[Event "COL-ch Amateur"]
[Site "Villavicencio"]
[Date "2015.02.19"]
[Round "4"]
[White "Mena, Yamil Octavio"]
[Black "Hinestroza Moreno, Cristian"]
[Result "1/2-1/2"]
[WhiteElo "1964"]
[BlackElo "1721"]
[PlyCount "54"]
[EventDate "2015.02.18"]
[EventType "swiss"]
[EventRounds "9"]
[EventCountry "COL"]
[SourceTitle "CBM 165 Extra"]
[Source "ChessBase"]
[SourceDate "2015.04.21"]
[SourceVersion "1"]
[SourceVersionDate "2015.04.21"]
[SourceQuality "1"]

1. e4 e5 2. Nf3 Nf6 3. Nc3 Bb4 4. Bc4 d6 5. 0-0 Bg4 6. d3 h6 7. Be3 0-0 8. h3 Bh5 9. g4 Bg6 10. Kg2 c6 11. Bb3 Nbd7 12. Ne2 d5 13. Nh4 Bh7 14. exd5 Nxd5 15. Nf3 e4 16. dxe4 Bxe4 17. Ng3 Nxe3+ 18. fxe3 Bg6 19. Qd4 Qe7 20. Rad1 Rfd8 21. Qf4 Kh8 22. Nd4 Bd6 23. Ndf5 Bxf4 24. Nxe7 Bxe3 25. Bxf7 Bxf7 26. Rxf7 Ne5 27. Rff1 Rxd1 1/2-1/2

[Event "COL-ch Amateur"]
[Site "Villavicencio"]
[Date "2015.02.18"]
[Round "2"]
[White "Lozada Zuniga, Andres"]
[Black "Hinestroza Moreno, Cristian"]
[Result "0-1"]
[WhiteElo "1906"]
[BlackElo "1721"]
[PlyCount "52"]
[EventDate "2015.02.18"]
[EventType "swiss"]
[EventRounds "9"]
[EventCountry "COL"]
[SourceTitle "CBM 165 Extra"]
[Source "ChessBase"]
[SourceDate "2015.04.21"]
[SourceVersion "1"]
[SourceVersionDate "2015.04.21"]
[SourceQuality "1"]

1. Nf3 d5 2. g3 Nc6 3. d4 Bf5 4. Bg2 e6 5. 0-0 Bd6 6. c4 Nf6 7. Nc3 0-0 8. Nh4 Be4 9. f3 Bg6 10. cxd5 exd5 11. Nxg6 hxg6 12. e4 dxe4 13. fxe4 Bb4 14. e5 Bxc3 15. bxc3 Nd5 16. Qb3 Nb6 17. Ba3 Ne7 18. Rf2 c6 19. Raf1 Qe8 20. Bh3 Nbd5 21. Rxf7 Rxf7 22. Be6 Nf5 23. Bxf7+ Qxf7 24. g4 Nde3 25. e6 Qe8 26. Rf4 Nd5 0-1

[Event "COL-ch Amateur"]
[Site "Colombia"]
[Date "2014.03.15"]
[Round "7"]
[White "Hinestroza Moreno, Cristian"]
[Black "Mesa, Francisco Alonso Jr"]
[Result "1-0"]
[WhiteElo "1647"]
[BlackElo "1943"]
[PlyCount "53"]
[EventDate "2014.03.12"]
[EventType "swiss"]
[EventRounds "9"]
[EventCountry "COL"]
[SourceTitle "CBM 159 Extra"]
[Source "ChessBase"]
[SourceDate "2014.04.24"]
[SourceVersion "1"]
[SourceVersionDate "2014.04.24"]
[SourceQuality "1"]

1. e4 c5 2. Nf3 e6 3. d4 cxd4 4. Nxd4 a6 5. Be2 Nf6 6. Bf3 Nc6 7. Nxc6 bxc6 8. 0-0 Be7 9. b3 0-0 10. Ba3 Bxa3 11. Nxa3 d5 12. exd5 cxd5 13. Nc4 Qc7 14. Re1 Rb8 15. Ne5 Nd7 16. Nxd7 Bxd7 17. Rc1 Qa5 18. Qd4 Rfc8 19. a4 Rxc2 20. h3 Rbc8 21. Rb1 Qc5 22. Qh4 Bc6 23. Red1 e5 24. Bg4 Re8 25. Bf5 h6 26. Bxc2 Qxc2 27. Qb4 1-0

[Event "COL Intercollegiate U14"]
[Site "Zipaquira"]
[Date "2010.09.07"]
[Round "4.2"]
[White "Hernandez, Cristian Andres"]
[Black "Hinestroza Moreno, Cristian"]
[Result "1-0"]
[WhiteElo "1960"]
[BlackElo "1625"]
[PlyCount "37"]
[EventDate "2010.09.04"]
[EventType "swiss"]
[EventRounds "5"]
[EventCountry "COL"]
[SourceTitle "EXT 2024"]
[Source "ChessBase"]
[SourceDate "2023.10.10"]
[SourceVersion "1"]
[SourceVersionDate "2023.10.10"]
[SourceQuality "1"]

1. d4 d5 2. c4 dxc4 3. e4 b5 4. Nc3 Bd7 5. Bf4 e6 6. a4 c6 7. g3 Nf6 8. Bg2 Bb4 9. Nge2 Nh5 10. Be3 a6 11. 0-0 0-0 12. axb5 cxb5 13. e5 Bc6 14. g4 Qh4 15. gxh5 Bxg2 16. Kxg2 f5 17. Nf4 Kf7 18. Qf3 Nd7 19. Qc6 1-0